000 00717nam a22001817a 4500
005 20251108164218.0
008 250721s1997 xx 000 0 ara d
082 1 4 _a343.109565/صال
100 1 _aصالح، نائل عبد الرحمن
245 1 0 _aمحاضرات في أصول المحاكمات الجزائية :
_bقانون أصول المحاكمات الجزائية - قانون محكمة الجنايات الكبرى /
264 1 _aعمان :
_bدار الفكر للطباعه و النشر و التوزيع،
_c1997.
300 _a449ص.
650 1 7 _aالقانون الجنائي
650 1 7 _aالمحاكم الجنائية
650 1 7 _aالأردن
942 _2ddc
_cBK
999 _c6501
_d6501